| 000 | 00698cam a22002413a 4500 | ||
|---|---|---|---|
| 001 | 2428 | ||
| 003 | PGUSA | ||
| 005 | 20140828083014.0 | ||
| 008 | 001201s2000||||xxu|||||s|||||000 p eng d | ||
| 040 |
_aPGUSA _beng |
||
| 042 | _adc | ||
| 050 | 4 | _aPR | |
| 100 | 1 |
_aPope, Alexander, _d1688-1744 |
|
| 245 | 1 | 3 |
_aAn Essay on Man; Moral Essays and Satires _h[electronic resource] / _cAlexander Pope |
| 260 |
_bProject Gutenberg, _c2000 |
||
| 506 | _aPublic domain in the USA. | ||
| 516 | _aElectronic text | ||
| 653 | _aEnglish poetry -- 18th century | ||
| 700 | 1 |
_aMorley, Henry, _d1822-1894 |
|
| 830 | 0 |
_aProject Gutenberg _v2428 |
|
| 856 | 4 | 0 | _uhttp://www.gutenberg.org/ebooks/2428 |
| 942 | _cEB | ||
| 999 |
_c231765 _d231765 |
||